[Event "BL2 West 1920 (Women)"]
[Site "Germany"]
[Date "2020.02.15"]
[Round "6.6"]
[White "Schlueter, Ulrike"]
[Black "Lebioda Dette, Kordula"]
[Result "1-0"]
[WhiteElo "1431"]
[BlackElo "1705"]
[PlyCount "97"]
[EventDate "2019.09.14"]
[EventType "team-tourn"]
[EventRounds "7"]
[EventCountry "GER"]
[SourceTitle "EXT 2021"]
[Source "ChessBase"]
[SourceDate "2020.10.23"]
[SourceVersion "1"]
[SourceVersionDate "2020.10.23"]
[SourceQuality "1"]
[WhiteTeam "Delmenhorst (W)"]
[BlackTeam "Muelheim Nord (W)"]
[WhiteTeamCountry "GER"]
[BlackTeamCountry "GER"]

1. d4 Nf6 2. c4 d5 3. cxd5 Qxd5 4. Nc3 Qd8 5. Nf3 e6 6. Bg5 Be7 7. e3 0-0 8. Bd3 b6 9. 0-0 Ba6 10. Rc1 Bxd3 11. Qxd3 Nbd7 12. Rfd1 h6 13. Bh4 Re8 14. Qc2 Rc8 15. Ne5 Nxe5 16. dxe5 Nd7 17. Bxe7 Qxe7 18. f4 Nf8 19. Qe4 c5 20. Nb5 Red8 21. Nd6 Rc7 22. Rd2 Rdd7 23. Rcd1 g6 24. Qf3 Kh7 25. g4 f5 26. gxf5 exf5 27. Rg2 Qe6 28. Qa8 Qe7 29. Qf3 Qe6 30. b3 Rg7 31. h4 Qe7 32. h5 Qe6 33. Kh2 gxh5 34. Rxg7+ Rxg7 35. Qxh5 Qg8 36. Qxf5+ Kh8 37. Qh3 Rg6 38. f5 Rg5 39. Qxh6+ Nh7 40. Qh3 Rg7 41. e6 Qf8 42. Nf7+ Rxf7 43. exf7 Qxf7 44. Rd8+ Kg7 45. Qg4+ Kf6 46. Rd6+ Ke7 47. Re6+ Kd7 48. Qg6 Qxg6 49. fxg6 1-0

[Event "BL2 West 1819 (Women)"]
[Site "Germany"]
[Date "2018.11.18"]
[Round "4.5"]
[White "Schlueter, Ulrike"]
[Black "Frank, Carolin"]
[Result "1-0"]
[WhiteElo "1435"]
[BlackElo "1611"]
[PlyCount "149"]
[EventDate "2018.10.27"]
[EventType "team-tourn"]
[EventRounds "7"]
[EventCountry "GER"]
[SourceTitle "CBM 190 Extra"]
[Source "ChessBase"]
[SourceDate "2019.07.15"]
[SourceVersion "1"]
[SourceVersionDate "2019.07.15"]
[SourceQuality "1"]
[WhiteTeam "Delmenhorst (W)"]
[BlackTeam "Muelheim Nord (W)"]
[WhiteTeamCountry "GER"]
[BlackTeamCountry "GER"]

1. d4 Nf6 2. c4 g6 3. Nc3 Bg7 4. e4 d6 5. Nf3 0-0 6. Be2 c5 7. d5 e6 8. 0-0 Re8 9. Be3 exd5 10. exd5 Bf5 11. Qd2 Qb6 12. Rad1 Nbd7 13. Nh4 Ne5 14. Nxf5 gxf5 15. Bh6 Ng6 16. Bxg7 Kxg7 17. Rfe1 Re5 18. b3 Rae8 19. Bd3 Qd8 20. Rxe5 Rxe5 21. Re1 Qe7 22. Rxe5 Qxe5 23. h3 Nf4 24. Bf1 a6 25. Qe3 Ne4 26. Nxe4 Qxe4 27. Qc3+ Kg6 28. Qg3+ Kf6 29. Qh4+ Kg7 30. Qg5+ Ng6 31. Qd8 Qe7 32. Qxe7 Nxe7 33. f4 a5 34. Kf2 Ng6 35. g3 Nf8 36. Bd3 Kf6 37. a3 h6 38. Ke3 Nd7 39. Be2 Nb6 40. Kd3 Ke7 41. Ke3 Kf6 42. Kd3 Na8 43. Kc3 Nc7 44. b4 axb4+ 45. axb4 b6 46. bxc5 bxc5 47. Kb3 Ne8 48. Ka4 Ng7 49. g4 fxg4 50. hxg4 h5 51. g5+ Ke7 52. f5 Ne8 53. Kb5 h4 54. Bd1 h3 55. Bf3 h2 56. f6+ Nxf6 57. gxf6+ Kxf6 58. Kc6 Ke5 59. Kd7 f5 60. Ke7 f4 61. Bg2 Kd4 62. Kxd6 Kxc4 63. Ke6 Kb3 64. d6 c4 65. d7 c3 66. d8Q c2 67. Qd3+ Kb2 68. Qd2 Kb1 69. Qb4+ Kc1 70. Qxf4+ Kb1 71. Qb4+ Kc1 72. Bf3 h1Q 73. Bxh1 Kd1 74. Bf3+ Kc1 75. Be4 1-0

[Event "BL2 Nord 1011 (Women)"]
[Site "Germany"]
[Date "2011.01.09"]
[Round "5.6"]
[White "Hielscher, Ursula"]
[Black "Schlueter, Ulrike"]
[Result "0-1"]
[WhiteElo "1864"]
[BlackElo "1436"]
[PlyCount "74"]
[EventDate "2010.11.06"]
[EventType "team-tourn"]
[EventRounds "7"]
[EventCountry "GER"]
[SourceTitle "EXT 2012"]
[Source "ChessBase"]
[SourceDate "2011.11.24"]
[SourceVersion "1"]
[SourceVersionDate "2011.11.24"]
[SourceQuality "1"]
[WhiteTeam "Kiel Doppelbauer (W)"]
[BlackTeam "Delmenhorst (W)"]
[WhiteTeamCountry "GER"]
[BlackTeamCountry "GER"]

1. d4 c6 2. c4 d5 3. e3 e6 4. Nc3 Nf6 5. Nf3 Nbd7 6. Bd3 dxc4 7. Bxc4 Nb6 8. Bd3 Bb4 9. 0-0 0-0 10. a3 Bxc3 11. bxc3 Qc7 12. e4 h6 13. a4 c5 14. Ba3 Nbd7 15. c4 e5 16. d5 Re8 17. Bc1 Nb8 18. Ne1 Na6 19. f4 Nb4 20. fxe5 Qxe5 21. Be3 Nxd3 22. Nxd3 Qxe4 23. Bxh6 Qd4+ 24. Kh1 gxh6 25. Qf3 Kg7 26. Qg3+ Qg4 27. Qd6 Qg5 28. Rf3 Ne4 29. Qc7 Re7 30. Qd8 Bh3 31. gxh3 Rxd8 32. Rg1 Qxg1+ 33. Kxg1 b6 34. Re3 Ree8 35. Nf4 Nd6 36. Rg3+ Kf6 37. Nh5+ Ke5 0-1

[Event "BL2 Nord 1011 (Women)"]
[Site "Germany"]
[Date "2010.12.05"]
[Round "4.5"]
[White "Scholz, Jutta"]
[Black "Schlueter, Ulrike"]
[Result "0-1"]
[WhiteElo "1560"]
[BlackElo "1436"]
[PlyCount "100"]
[EventDate "2010.11.06"]
[EventType "team-tourn"]
[EventRounds "7"]
[EventCountry "GER"]
[SourceTitle "EXT 2012"]
[Source "ChessBase"]
[SourceDate "2011.11.24"]
[SourceVersion "1"]
[SourceVersionDate "2011.11.24"]
[SourceQuality "1"]
[WhiteTeam "Potsdam USV (W)"]
[BlackTeam "Delmenhorst (W)"]
[WhiteTeamCountry "GER"]
[BlackTeamCountry "GER"]

1. e4 e5 2. Nf3 Nf6 3. d3 d6 4. Be2 Nc6 5. 0-0 Be7 6. c3 0-0 7. Nbd2 Bg4 8. h3 Bxf3 9. Bxf3 Qd7 10. Re1 Rad8 11. Nf1 d5 12. Qc2 d4 13. Rd1 Qe6 14. Ng3 Qd7 15. a4 Bd6 16. Bg5 Be7 17. Rab1 h6 18. Bc1 Qe8 19. Kh1 Nd7 20. Nf5 Bg5 21. Bxg5 hxg5 22. Qd2 f6 23. c4 Nc5 24. Qc2 Ne7 25. Ng3 Qxa4 26. Qxa4 Nxa4 27. Bg4 Nc5 28. b4 Nd7 29. Be6+ Kh8 30. Ra1 a6 31. Rd2 Rfe8 32. Bg4 Nf8 33. Bd1 Ra8 34. Rb2 c6 35. Rba2 Neg6 36. Nf5 Nf4 37. Ra3 g6 38. Ng3 Red8 39. Bc2 N8e6 40. Kh2 Kg7 41. Bd1 Rh8 42. Bg4 Nc7 43. Nf1 Rhf8 44. g3 Nfe6 45. Bxe6 Nxe6 46. Nd2 Rh8 47. Kg2 f5 48. Ra5 Kf6 49. Nf3 fxe4 50. dxe4 Rad8 0-1

[Event "BL2 Nord 1011 (Women)"]
[Site "Germany"]
[Date "2010.11.07"]
[Round "2.6"]
[White "Saal, Hilkka"]
[Black "Schlueter, Ulrike"]
[Result "1/2-1/2"]
[WhiteElo "1752"]
[BlackElo "1436"]
[PlyCount "62"]
[EventDate "2010.11.06"]
[EventType "team-tourn"]
[EventRounds "7"]
[EventCountry "GER"]
[SourceTitle "EXT 2012"]
[Source "ChessBase"]
[SourceDate "2011.11.24"]
[SourceVersion "1"]
[SourceVersionDate "2011.11.24"]
[SourceQuality "1"]
[WhiteTeam "Lehrte (W)"]
[BlackTeam "Delmenhorst (W)"]
[WhiteTeamCountry "GER"]
[BlackTeamCountry "GER"]

1. e4 e5 2. d4 exd4 3. Qxd4 Nc6 4. Qd3 Nf6 5. Nc3 Bb4 6. Bd2 0-0 7. 0-0-0 Re8 8. Qg3 Rxe4 9. f3 Re8 10. h4 Nh5 11. Qf2 d6 12. g4 Bc5 13. Qg2 Nf6 14. g5 Nh5 15. Ne4 Bb6 16. Ne2 Be6 17. Nf4 Nxf4 18. Bxf4 Nd4 19. Nf6+ Kh8 20. Nxe8 Qxe8 21. Kb1 Qa4 22. b3 Nxb3 23. cxb3 Qxf4 24. Bd3 Bd4 25. Rhe1 Bf5 26. Qc2 Bxd3 27. Qxd3 Be5 28. Re4 Qh2 29. Rd2 Qg1+ 30. Rd1 Qh2 31. Rd2 Qg1+ 1/2-1/2

[Event "BL2 West 0809 (Women)"]
[Site "Germany"]
[Date "2009.03.08"]
[Round "7.5"]
[White "Siekmann, Christina"]
[Black "Schlueter, Ulrike"]
[Result "1-0"]
[WhiteElo "1591"]
[BlackElo "1456"]
[PlyCount "103"]
[EventDate "2008.11.08"]
[EventType "team-tourn"]
[EventRounds "7"]
[EventCountry "GER"]
[SourceTitle "EXT 2010"]
[Source "ChessBase"]
[SourceDate "2010.11.25"]
[SourceVersion "1"]
[SourceVersionDate "2010.11.25"]
[SourceQuality "1"]
[WhiteTeam "Lehrte (W) II"]
[BlackTeam "Delmenhorst (W)"]
[WhiteTeamCountry "GER"]
[BlackTeamCountry "GER"]

1. e4 e5 2. Nf3 Nf6 3. Nxe5 d6 4. Nf3 Nxe4 5. Qe2 Qe7 6. d3 Nf6 7. Bg5 Qxe2+ 8. Bxe2 Be7 9. Nc3 a6 10. 0-0-0 Nc6 11. Bxf6 Bxf6 12. Nd5 Bd8 13. Rhe1 0-0 14. d4 Be6 15. Nc3 d5 16. h3 b5 17. g4 Be7 18. Bf1 Bb4 19. Re3 Rfe8 20. Bg2 Na5 21. Ne5 c6 22. f4 Rad8 23. a3 Bd6 24. Rde1 Bc7 25. Kb1 c5 26. Ne2 c4 27. f5 Bc8 28. Nc3 Bb7 29. Ka2 f6 30. Nf3 Bc6 31. Rxe8+ Rxe8 32. Rxe8+ Bxe8 33. Nxd5 Bd6 34. Nb4 Bxb4 35. axb4 Nc6 36. c3 a5 37. d5 Nxb4+ 38. cxb4 axb4 39. Nd4 Kf7 40. d6 Bd7 41. Bd5+ Ke8 42. Be6 c3 43. bxc3 bxc3 44. Kb3 b4 45. Kxb4 c2 46. Nxc2 Bc6 47. Ne3 Bf3 48. Kc5 Kd8 49. Bd5 Be2 50. Kc6 g6 51. fxg6 hxg6 52. Be4 1-0

[Event "BL2 West 0809 (Women)"]
[Site "Germany"]
[Date "2009.03.07"]
[Round "6.5"]
[White "Schlueter, Ulrike"]
[Black "Benzen, Marthe"]
[Result "0-1"]
[WhiteElo "1456"]
[BlackElo "1848"]
[PlyCount "70"]
[EventDate "2008.11.08"]
[EventType "team-tourn"]
[EventRounds "7"]
[EventCountry "GER"]
[SourceTitle "EXT 2010"]
[Source "ChessBase"]
[SourceDate "2010.11.25"]
[SourceVersion "1"]
[SourceVersionDate "2010.11.25"]
[SourceQuality "1"]
[WhiteTeam "Delmenhorst (W)"]
[BlackTeam "Kiel Doppelbauer (W)"]
[WhiteTeamCountry "GER"]
[BlackTeamCountry "GER"]

1. d4 Nf6 2. c4 g6 3. Nc3 Bg7 4. e4 d6 5. Nf3 0-0 6. Be2 e5 7. d5 a5 8. a4 Na6 9. 0-0 Nd7 10. Ne1 Ndc5 11. Be3 f5 12. exf5 Bxf5 13. Nd3 Ne4 14. Nxe4 Bxe4 15. Qd2 c6 16. f3 Bf5 17. Nf2 Nb4 18. dxc6 bxc6 19. Rac1 Rf7 20. Rfd1 Bf8 21. Bg5 Qb8 22. Bh6 Bxh6 23. Qxh6 Na2 24. Ra1 Qxb2 25. Bd3 Bxd3 26. Nxd3 Qd4+ 27. Kh1 Qxc4 28. h4 Nc3 29. Nb2 Qb3 30. Rd2 e4 31. Qe3 exf3 32. gxf3 Qb4 33. Nd3 Qxh4+ 34. Rh2 Qf6 35. Rf1 Nxa4 0-1

[Event "BL2 West 0809 (Women)"]
[Site "Germany"]
[Date "2008.12.07"]
[Round "4.5"]
[White "Schlueter, Ulrike"]
[Black "Umpfenbach, Caroline"]
[Result "0-1"]
[WhiteElo "1456"]
[BlackElo "2122"]
[PlyCount "62"]
[EventDate "2008.11.08"]
[EventType "team-tourn"]
[EventRounds "7"]
[EventCountry "GER"]
[SourceTitle "EXT 2010"]
[Source "ChessBase"]
[SourceDate "2010.11.25"]
[SourceVersion "1"]
[SourceVersionDate "2010.11.25"]
[SourceQuality "1"]
[WhiteTeam "Delmenhorst (W)"]
[BlackTeam "Erfurt Medizin (W)"]
[WhiteTeamCountry "GER"]
[BlackTeamCountry "GER"]

1. d4 e6 2. c4 f5 3. Nf3 Nf6 4. Nc3 Bb4 5. Qc2 0-0 6. Bd2 b6 7. g3 Bb7 8. Bg2 Bxc3 9. Qxc3 d6 10. 0-0 Qe8 11. Rad1 Nbd7 12. Qc2 Be4 13. Qc1 c5 14. Bg5 e5 15. d5 Bxf3 16. Bxf3 Qg6 17. Bxf6 Rxf6 18. Bg2 f4 19. Bh3 Nf8 20. Kh1 Qh5 21. Bg2 Rh6 22. h4 Ng6 23. Bf3 Qf5 24. Bg2 Qf6 25. h5 Rxh5+ 26. Kg1 Rh6 27. e4 f3 28. Bh1 Rxh1+ 29. Kxh1 Nf4 30. Qe3 Qh6+ 31. Kg1 Nh3+ 0-1